|
|
|
|
| LEADER |
01005cam a2200265 7i4500 |
| 001 |
0000037071 |
| 005 |
20230130090000.0 |
| 007 |
##ta |
| 008 |
221205s2022 io o b eng |
| 020 |
# |
# |
|a 9786025460371
|
| 040 |
# |
# |
|a MATR
|
| 090 |
0 |
# |
|a ASIA 333.82158
|b RET
|
| 245 |
0 |
0 |
|a Rethinking Asia's Low-Carbon Growth in the Post-Covid World :
|b Towards a Net-Zero Economy
|c edited by Venkatachalam Anbumozhi.
|
| 264 |
# |
1 |
|a Jakarta:
|b Economic Research Institute for ASEAN and East Asia,
|c 2022.
|
| 300 |
# |
# |
|a xviii, 306 pages:
|b illustrations;
|c 30 cm.
|
| 336 |
# |
# |
|a text
|2 rdacontent
|
| 337 |
# |
# |
|a unmediated
|2 rdamedia
|
| 338 |
# |
# |
|a volume
|2 rdacarrier
|
| 650 |
# |
0 |
|a Clean energy investment --
|z Asia
|
| 650 |
# |
0 |
|a Energy policy --
|x Economic aspects --
|z Asia
|
| 650 |
# |
0 |
|a COVID-19 Pandemic, 2020- --
|x Economic aspects --
|z Asia
|
| 700 |
1 |
# |
|a Anbumozhi, Venkatachalam,
|
| 700 |
0 |
# |
|a Kalirajan, K. P.,
|
| 700 |
0 |
# |
|a Yao, Xianbin,
|
| 999 |
|
|
|a 0000041809
|b Book
|c Book
|e Business Information Centre
|